| 000 | 00538nam a2200193 a 4500 | ||
|---|---|---|---|
| 001 | 000068053 | ||
| 003 | AM-YEHGA | ||
| 005 | 20250617121640.0 | ||
| 008 | 030329s1961 ru ||||| |||| 00| 0 rus d | ||
| 040 | _aAM-YeHGA | ||
| 041 | 0 | _arus | |
| 100 | 1 | _aБарабашов, Николай Павлович | |
| 245 | 1 | 0 |
_aВенера / _cН.П. Барабашов. |
| 260 |
_aМосква : _bСоветская Россия, _c1961. |
||
| 300 | _a39 с. | ||
| 650 | 1 | 4 | _aВенера, планета |
| 942 |
_2udc _cBK |
||
| 090 | _c20534 | ||
| 999 |
_c20324 _d20324 |
||